00236 a2200109 4500001000700000020000600007040001100013100002800024240003500052245003000087362000900117165207 a  cMagnum aLima, Lauro de Oliveira10aPiaget para principianteslpor10aPiaget para principiantes0 a1899